[Event "Ungdoms-DM U12 2024"]
[Site "Odense"]
[Date "2024.10.05"]
[Round "1.1"]
[White "Pirtac, Alexandru"]
[Black "Prohnitchi, Adrian"]
[Result "1-0"]
[WhiteElo "1938"]
[BlackElo "1502"]
[WhiteFideId "13912143"]
[BlackFideId "1477692"]
[EventDate "2024.10.05"]
[EventType "swiss"]
[EventRounds "7"]
[EventCountry "DEN"]
[SourceTitle "Live v. Kasper Jerwiarz"]

1. e4 e5 2. d4 Nc6 3. d5 Nce7 4. Nf3 Ng6 5. Nc3 Bb4 6. h4 d6 7. h5 Nf8 8. Bg5 f6 9. Be3 Bg4 10. Rh4 f5 11. Bb5+ Nd7 12. Rxg4 fxg4 13. Ng5 Bxc3+ 14. bxc3 Nf6 15. Ne6 Qc8 16. Nxg7+ Kf7 17. Nf5 a6 18. Be2 Nc5 19. Bxg4 Nxg4 20. Qxg4 Ke8 21. Qg7 Qd7 22. Qxh8+ Kf7 23. Nh6+ Ke7 24. Bg5# 1-0

[Event "Ungdoms-DM U12 2024"]
[Site "Odense"]
[Date "2024.10.05"]
[Round "1.2"]
[White "Beier, August"]
[Black "Bekmukhanov, Sauran"]
[Result "0-1"]
[WhiteElo "1501"]
[BlackElo "1906"]
[WhiteFideId "1484176"]
[BlackFideId "1472844"]
[EventDate "2024.10.05"]
[EventType "swiss"]
[EventRounds "7"]
[EventCountry "DEN"]
[SourceTitle "Live v. Kasper Jerwiarz"]

1. e4 c5 2. Nf3 d6 3. d4 cxd4 4. Nxd4 a6 5. Be2 e5 6. Nb3 Be7 7. Nc3 Nf6 8. O-O Be6 9. Be3 b5 10. a3 Nbd7 11. Nd5 Nxe4 12. Nxe7 Qxe7 13. Bf3 Ndf6 14. Bxe4 Nxe4 15. f3 Nf6 16. Qe2 Bc4 17. Qd2 Bxf1 18. Rxf1 O-O 19. Rd1 Rfd8 20. f4 e4 21. Nd4 Rac8 22. Nf5 Qe6 23. Nd4 Qc4 24. b3 Qc3 25. Qxc3 Rxc3 26. Nf5 Rxc2 27. Bd4 Kf8 28. Bxf6 gxf6 29. Rb1 d5 30. Nd4 Rd2 0-1

[Event "Ungdoms-DM U12 2024"]
[Site "Odense"]
[Date "2024.10.05"]
[Round "1.3"]
[White "Ravikumar, Hanesh"]
[Black "Holt, Vitus Loj"]
[Result "1-0"]
[WhiteElo "1781"]
[BlackElo "1500"]
[WhiteFideId "1481878"]
[BlackFideId "1485342"]
[EventDate "2024.10.05"]
[EventType "swiss"]
[EventRounds "7"]
[EventCountry "DEN"]
[SourceTitle "Live v. Kasper Jerwiarz"]

1. c4 e5 2. g3 Nc6 3. Bg2 Nf6 4. Nc3 g6 5. e3 Bg7 6. Nge2 O-O 7. O-O Re8 8. d4 exd4 9. exd4 d6 10. h3 a6 11. Be3 Bd7 12. Rc1 Be6 13. d5 Bxd5 14. Nxd5 Nxd5 15. Bxd5 Bxb2 16. Rb1 Be5 17. Rxb7 Rb8 18. Bxc6 Rxb7 19. Bxb7 Qb8 20. Qa4 Rf8 21. Qxa6 Re8 22. Bd5 Qb2 23. c5 dxc5 24. Qc4 Re7 25. Bxc5 Bd6 26. Bxd6 cxd6 27. Nf4 g5 28. Nh5 Re5 29. Qc8+ Re8 30. Qxe8# 1-0

[Event "Ungdoms-DM U12 2024"]
[Site "Odense"]
[Date "2024.10.05"]
[Round "1.4"]
[White "Nair, Atharv"]
[Black "Vo, Charlie"]
[Result "0-1"]
[WhiteElo "1500"]
[BlackElo "1668"]
[WhiteFideId "1485369"]
[BlackFideId "1477706"]
[EventDate "2024.10.05"]
[EventType "swiss"]
[EventRounds "7"]
[EventCountry "DEN"]
[SourceTitle "Live v. Kasper Jerwiarz"]

1. e4 c5 2. Nf3 d6 3. g3 Nf6 4. Nc3 g6 5. Bg2 Bg7 6. O-O O-O 7. d3 Nc6 8. Bg5 Be6 9. Bxf6 Bxf6 10. Nd5 Bg7 11. Ng5 Bxd5 12. exd5 Ne5 13. Re1 h6 14. Nf3 Qb6 15. d4 Nxf3+ 16. Bxf3 Bxd4 17. c3 Bf6 18. Qd2 Kg7 19. h3 Rh8 20. Re2 h5 21. Rae1 Rae8 22. g4 hxg4 23. Bxg4 Qc7 24. b4 cxb4 25. cxb4 Be5 26. Rc1 Qb6 27. a4 f5 28. a5 Qd4 29. Qxd4 Bxd4 30. Bf3 Rxh3 31. Rc7 Rxf3 32. Rxb7 Kf7 33. b5 Rb3 34. Rd2 Bc3 35. Rd3 Rb1+ 36. Kg2 Bxa5 37. Ra3 Bb6 38. Ra4 Rb2 39. Kf1 Rh8 40. Kg2 Rxf2+ 41. Kg3 Rfh2 42. Kf4 R8h4+ 43. Kg3 Rxa4 44. Kxh2 g5 45. Kg3 Ra3+ 46. Kh2 g4 47. Kg2 f4 48. Rb8 Ra2+ 49. Kf1 f3 50. Ke1 f2+ 51. Kf1 Ra1+ 52. Kg2 f1=Q+ 53. Kg3 Ra3+ 54. Kxg4 Qg2+ 55. Kf5 Qf3+ 56. Kg5 Qf6+ 57. Kg4 Rf3 58. Rxb6 Qf5+ 59. Kh4 Rh3# 0-1

[Event "Ungdoms-DM U12 2024"]
[Site "Odense"]
[Date "2024.10.05"]
[Round "1.5"]
[White "Rynkjob, Bastian"]
[Black "Perapechka, Danil"]
[Result "1-0"]
[WhiteElo "1712"]
[BlackElo "1500"]
[WhiteFideId "1473557"]
[EventDate "2024.10.05"]
[EventType "swiss"]
[EventRounds "7"]
[EventCountry "DEN"]
[SourceTitle "Live v. Kasper Jerwiarz"]

1. e4 e5 2. Nf3 Nc6 3. Bc4 Nf6 4. Nc3 Nxe4 5. Bxf7+ Kxf7 6. Nxe4 d5 7. Neg5+ Kg8 8. d4 e4 9. Ne5 Nxe5 10. dxe5 Bc5 11. Nxe4 Bb6 12. Bg5 Qe8 13. Qxd5+ Be6 14. Qxb7 Bc4 15. Rd1 Rb8 16. Qxb8 Qxb8 17. Rd8+ Qxd8 18. Bxd8 Bd5 19. Ng3 Bxg2 20. Rg1 Bd5 21. Nh5 g6 22. Nf6+ Kg7 23. Nxd5 Rxd8 24. Nxb6 cxb6 25. Ke2 Re8 26. f4 Rc8 27. c3 Kf7 28. Rd1 Rc7 29. Rd8 Ke6 30. Ke3 Kf5 31. Rd6 Kg4 32. Rf6 Kh3 33. e6 Re7 34. Ke4 Kxh2 35. Ke5 h5 36. Rxg6 h4 37. Kf6 Rxe6+ 38. Kxe6 h3 39. Rh6 Kg2 40. Rxh3 Kxh3 41. f5 Kg4 42. f6 Kg5 43. f7 Kg6 44. f8=Q Kh7 45. Qf6 a5 46. Qg5 a4 47. Kf7 a3 48. Qg7# 1-0

[Event "Ungdoms-DM U12 2024"]
[Site "Odense"]
[Date "2024.10.05"]
[Round "1.6"]
[White "Albert Randel, Villads"]
[Black "Larsen, Jonas Bogh"]
[Result "0-1"]
[WhiteElo "1500"]
[BlackElo "1755"]
[BlackFideId "1477552"]
[EventDate "2024.10.05"]
[EventType "swiss"]
[EventRounds "7"]
[EventCountry "DEN"]
[SourceTitle "Live v. Kasper Jerwiarz"]

1. e4 c5 2. Nf3 g6 3. Bc4 Bg7 4. c3 Nc6 5. d4 cxd4 6. cxd4 e6 7. e5 d5 8. exd6 Qxd6 9. Bb5 Ne7 10. Qa4 O-O 11. Bg5 f6 12. Be3 a6 13. Bxc6 Nxc6 14. Nc3 Rd8 15. Nb5 Qb4+ 16. Qxb4 Nxb4 17. Nc7 Ra7 18. d5 Nc2+ 19. Ke2 Nxe3 20. fxe3 exd5 21. Nd4 Kf7 22. Rac1 b5 23. Nxd5 Bg4+ 24. Kd3 Rxd5 25. e4 Rd8 26. Ke3 Bh6+ 27. Kd3 Bxc1 28. Rxc1 Rad7 29. Ke3 Rxd4 30. Rc7+ R4d7 31. Rxd7+ Rxd7 32. h3 Be6 0-1

[Event "Ungdoms-DM U12 2024"]
[Site "Odense"]
[Date "2024.10.05"]
[Round "2.1"]
[White "Kamal, Yogasimman"]
[Black "Pirtac, Alexandru"]
[Result "1/2-1/2"]
[WhiteElo "1688"]
[BlackElo "1938"]
[WhiteFideId "1477196"]
[BlackFideId "13912143"]
[EventDate "2024.10.05"]
[EventType "swiss"]
[EventRounds "7"]
[EventCountry "DEN"]
[SourceTitle "Live v. Kasper Jerwiarz"]

1. e4 c5 2. Nf3 e6 3. Bc4 d5 4. Bb5+ Nc6 5. exd5 exd5 6. c3 Nf6 7. d4 c4 8. Bf4 Bd6 9. Ne5 O-O 10. O-O Qc7 11. Re1 Re8 12. Nd2 a6 13. Bxc6 bxc6 14. Bg3 Bf5 15. Qa4 c5 16. Nef3 Bxg3 17. hxg3 h5 18. Rxe8+ Rxe8 19. Qxa6 Re2 20. Qa8+ Re8 21. Qa3 cxd4 22. cxd4 Qb6 23. Qc3 Ng4 24. b3 Re2 25. bxc4 Qc7 26. Ne5 Nxe5 27. dxe5 Qc5 28. Qf3 Bg4 29. Qf4 dxc4 30. Nxc4 Be6 31. Ne3 Qc3 32. Rd1 Qa5 33. Rb1 Qc7 34. a3 Ra2 35. Qb4 Qxe5 36. Qb8+ 1/2-1/2

[Event "Ungdoms-DM U12 2024"]
[Site "Odense"]
[Date "2024.10.05"]
[Round "2.2"]
[White "Bekmukhanov, Sauran"]
[Black "Shajan, Alan Pattayil"]
[Result "1/2-1/2"]
[WhiteElo "1906"]
[BlackElo "1562"]
[WhiteFideId "1472844"]
[BlackFideId "33436134"]
[EventDate "2024.10.05"]
[EventType "swiss"]
[EventRounds "7"]
[EventCountry "DEN"]
[SourceTitle "Live v. Kasper Jerwiarz"]

1. e4 c6 2. d4 d5 3. e5 c5 4. Nf3 Nc6 5. c3 cxd4 6. cxd4 Bg4 7. Be2 e6 8. Nc3 Qb6 9. Qb3 Qxb3 10. axb3 Bxf3 11. Bxf3 Nxd4 12. Bd1 Bb4 13. O-O Ne7 14. Na4 O-O 15. g4 Ng6 16. f4 Rfd8 17. Nc3 Nc6 18. Bf3 Nd4 19. Bd1 Nc6 20. Bf3 Nd4 21. Bd1 Nc6 22. Nb1 1/2-1/2

[Event "Ungdoms-DM U12 2024"]
[Site "Odense"]
[Date "2024.10.05"]
[Round "2.3"]
[White "Vorobets, Artem"]
[Black "Ravikumar, Hanesh"]
[Result "0-1"]
[WhiteElo "1839"]
[BlackElo "1781"]
[WhiteFideId "1480138"]
[BlackFideId "1481878"]
[EventDate "2024.10.05"]
[EventType "swiss"]
[EventRounds "7"]
[EventCountry "DEN"]
[SourceTitle "Live v. Kasper Jerwiarz"]

1. e4 c5 2. c3 d5 3. exd5 Qxd5 4. d4 cxd4 5. cxd4 Nc6 6. Nf3 Nf6 7. h3 Bf5 8. Nc3 Qa5 9. Bd2 Qd8 10. Bb5 Rc8 11. Bf4 e6 12. O-O Bd6 13. Bxd6 Qxd6 14. Qe2 O-O 15. Rfd1 Nb4 16. Rac1 Nbd5 17. Bd3 Bxd3 18. Qxd3 Nf4 19. Qd2 N6d5 20. Nxd5 Nxd5 21. a3 Rfd8 22. Qa5 a6 23. Qe1 Nf4 24. Qe5 Qxe5 25. dxe5 Rxc1 26. Rxc1 Ne2+ 27. Kf1 Nxc1 28. Ne1 Nd3 29. Nc2 Nxb2 30. Ne1 0-1

[Event "Ungdoms-DM U12 2024"]
[Site "Odense"]
[Date "2024.10.05"]
[Round "2.4"]
[White "Vo, Charlie"]
[Black "Bavelski, Nikolaj"]
[Result "1-0"]
[WhiteElo "1668"]
[BlackElo "1503"]
[WhiteFideId "1477706"]
[EventDate "2024.10.05"]
[EventType "swiss"]
[EventRounds "7"]
[EventCountry "DEN"]
[SourceTitle "Live v. Kasper Jerwiarz"]

1. e4 e5 2. Nc3 Nc6 3. Bc4 d6 4. f4 Nf6 5. Nf3 Bg4 6. d3 Nd4 7. fxe5 Bxf3 8. gxf3 dxe5 9. f4 Bd6 10. f5 Bb4 11. Bd2 Bxc3 12. Bxc3 Nxe4 13. dxe4 Qh4+ 14. Kd2 Qxe4 15. Bxd4 Qxd4+ 16. Bd3 e4 17. Qe2 Rd8 18. Rhe1 O-O 19. Qxe4 Qxb2 20. Rg1 Qf6 21. Raf1 Rfe8 22. Qf4 Qe5 23. Qxe5 Rxe5 24. f6 g6 25. Re1 Rf5 26. Re8+ Rxe8 27. Bxf5 h5 28. Bd3 Re6 29. Rf1 c6 30. Bc4 Rd6+ 31. Ke3 a5 32. Rf2 b5 33. Bd3 Re6+ 34. Kd4 Kh7 35. c4 Rd6+ 36. Kc3 b4+ 37. Kc2 Kh6 38. h4 g5 39. hxg5+ Kxg5 40. Rf5+ Kg4 41. Rxa5 Rxf6 42. Be2+ Kg3 43. Bxh5 Rf2+ 44. Kb3 f5 45. Kxb4 f4 46. Kc5 Rh2 47. Ra3+ Kf2 48. Rf3+ Kg2 49. Rxf4 Rxh5+ 50. Kxc6 1-0

[Event "Ungdoms-DM U12 2024"]
[Site "Odense"]
[Date "2024.10.05"]
[Round "2.5"]
[White "Andersen, Frederik"]
[Black "Rynkjob, Bastian"]
[Result "1/2-1/2"]
[WhiteElo "1603"]
[BlackElo "1712"]
[WhiteFideId "1481630"]
[BlackFideId "1473557"]
[EventDate "2024.10.05"]
[EventType "swiss"]
[EventRounds "7"]
[EventCountry "DEN"]
[SourceTitle "Live v. Kasper Jerwiarz"]

1. e4 c5 2. Nf3 Nc6 3. d4 cxd4 4. Nxd4 Nf6 5. Nc3 e5 6. Nxc6 bxc6 7. Bc4 Bb4 8. Bg5 Bxc3+ 9. bxc3 Qa5 10. Qf3 d5 11. Bxf6 dxc4 12. O-O O-O 13. Qg3 g6 14. Qh4 h5 15. Qg5 Kh7 16. Bxe5 Re8 17. f4 Re6 18. Rfd1 Qc5+ 19. Kh1 Qe7 20. Qxe7 Rxe7 21. Rd4 Ba6 22. Rad1 Ree8 23. Bd6 Rad8 24. Bc5 Rxd4 25. Rxd4 f5 26. e5 Rb8 27. g3 Rb1+ 28. Kg2 Rb2 29. Rd7+ Kg8 30. e6 Rxc2+ 31. Kf3 Rxc3+ 32. Be3 Rd3 33. h3 c3 34. Rxa7 1/2-1/2

[Event "Ungdoms-DM U12 2024"]
[Site "Odense"]
[Date "2024.10.05"]
[Round "2.6"]
[White "Larsen, Jonas Bogh"]
[Black "Jensen, Helena Egilstrod"]
[Result "1-0"]
[WhiteElo "1755"]
[BlackElo "1392"]
[WhiteFideId "1477552"]
[BlackFideId "1484591"]
[EventDate "2024.10.05"]
[EventType "swiss"]
[EventRounds "7"]
[EventCountry "DEN"]
[SourceTitle "Live v. Kasper Jerwiarz"]

1. e4 e5 2. d4 d5 3. dxe5 dxe4 4. Qxd8+ Kxd8 5. Nc3 Bb4 6. Bd2 Bf5 7. O-O-O Nc6 8. Bh6+ Ke8 9. Bxg7 Bg4 10. f3 Bf5 11. fxe4 Bg4 12. Be2 Be6 13. Bxh8 Be7 14. Nf3 f6 15. exf6 Nxf6 16. Bxf6 Bxf6 17. Nd5 Bd8 18. Bb5 Bd7 19. Bxc6 Bxc6 20. Rhf1 h5 21. Nd4 Bd7 22. Rf2 Bh4 23. g3 Bg4 24. gxh4 Bxd1 25. Nxc7+ Kd8 26. Nxa8 Bg4 27. e5 Ke7 28. e6 b6 29. Rf7+ Kd6 30. e7 Kd7 31. Rg7 Bh3 32. Nc7 Kxc7 33. e8=Q+ Kd6 34. Qxh5 Bc8 35. Rg6+ Ke7 36. Qh7+ Kd8 37. Rg8# 1-0

[Event "Ungdoms-DM U12 2024"]
[Site "Odense"]
[Date "2024.10.05"]
[Round "3.1"]
[White "Ravikumar, Hanesh"]
[Black "Vo, Charlie"]
[Result "1-0"]
[WhiteElo "1781"]
[BlackElo "1668"]
[WhiteFideId "1481878"]
[BlackFideId "1477706"]
[EventDate "2024.10.05"]
[EventType "swiss"]
[EventRounds "7"]
[EventCountry "DEN"]
[SourceTitle "Live v. Kasper Jerwiarz"]

1. c4 e6 2. g3 d5 3. Bg2 c5 4. Nf3 Nc6 5. cxd5 exd5 6. d4 Nf6 7. O-O Be6 8. Nc3 a6 9. Re1 c4 10. Ng5 Bf5 11. e4 dxe4 12. Ncxe4 Nxe4 13. Nxe4 Be7 14. d5 Nb4 15. d6 Bxe4 16. Rxe4 Nc6 17. Re1 Qd7 18. Bxc6 Qxc6 19. Rxe7+ Kf8 20. Rc7 Qb6 21. Qf3 f6 22. Qd5 Qxc7 23. dxc7 Re8 24. Bf4 g5 25. Bd6+ Kg7 26. Qxb7 Kg6 27. Be7 Rxe7 28. c8=Q Rxc8 29. Qxe7 1-0

[Event "Ungdoms-DM U12 2024"]
[Site "Odense"]
[Date "2024.10.05"]
[Round "3.2"]
[White "Pirtac, Alexandru"]
[Black "Larsen, Jonas Bogh"]
[Result "1-0"]
[WhiteElo "1938"]
[BlackElo "1755"]
[WhiteFideId "13912143"]
[BlackFideId "1477552"]
[EventDate "2024.10.05"]
[EventType "swiss"]
[EventRounds "7"]
[EventCountry "DEN"]
[SourceTitle "Live v. Kasper Jerwiarz"]

1. e4 c5 2. Nf3 g6 3. d4 cxd4 4. Qxd4 Nf6 5. e5 Nc6 6. Qh4 Nxe5 7. Nxe5 Qa5+ 8. Nc3 Qxe5+ 9. Be2 Bg7 10. Bf4 Qc5 11. Qg3 Nh5 12. Bxh5 Qxh5 13. Qe3 d5 14. Ne2 Bxb2 15. Rd1 Bg7 16. Ng3 Qh4 17. Rxd5 Be6 18. Rd3 Qf6 19. O-O Bc4 20. Bg5 Qe6 21. Qd2 Bxd3 22. Re1 Qd6 23. Bxe7 Qd5 24. cxd3 Be5 25. Bf6 Kd7 26. Rxe5 Qd6 27. Ne4 Qb6 28. Re7+ Kc8 29. Qc3+ Kd8 30. Rxb7+ Qxf6 31. Qxf6+ Kc8 32. Nd6# 1-0

[Event "Ungdoms-DM U12 2024"]
[Site "Odense"]
[Date "2024.10.05"]
[Round "3.3"]
[White "Tursic, Benjamin"]
[Black "Bekmukhanov, Sauran"]
[Result "0-1"]
[WhiteElo "1462"]
[BlackElo "1906"]
[WhiteFideId "1482475"]
[BlackFideId "1472844"]
[EventDate "2024.10.05"]
[EventType "swiss"]
[EventRounds "7"]
[EventCountry "DEN"]
[SourceTitle "Live v. Kasper Jerwiarz"]

1. c4 e5 2. g3 f5 3. Bg2 Nf6 4. e3 c6 5. Ne2 g6 6. O-O d5 7. d4 e4 8. b3 Bg7 9. Ba3 Be6 10. Nf4 Bf7 11. Nd2 Nbd7 12. Rc1 Bf8 13. Bxf8 Kxf8 14. Qc2 g5 15. Ne2 Kg7 16. f3 Bg6 17. g4 exf3 18. Nxf3 fxg4 19. Nxg5 Qe7 20. Qd2 h6 21. Nf3 Ne4 22. Qe1 gxf3 23. Bxf3 Qg5+ 24. Kh1 Qxe3 25. Rg1 Qxf3+ 26. Rg2 Rhf8 27. Qh4 Nf2+ 28. Kg1 Qxe2 29. Rxg6+ Kxg6 30. Qg3+ Qg4 31. Re1 Qxg3+ 32. hxg3 Ne4 0-1

[Event "Ungdoms-DM U12 2024"]
[Site "Odense"]
[Date "2024.10.05"]
[Round "3.4"]
[White "Rynkjob, Bastian"]
[Black "Kamal, Yogasimman"]
[Result "0-1"]
[WhiteElo "1712"]
[BlackElo "1688"]
[WhiteFideId "1473557"]
[BlackFideId "1477196"]
[EventDate "2024.10.05"]
[EventType "swiss"]
[EventRounds "7"]
[EventCountry "DEN"]
[SourceTitle "Live v. Kasper Jerwiarz"]

1. e4 c5 2. Nf3 d6 3. Bb5+ Bd7 4. Bxd7+ Nxd7 5. O-O Ngf6 6. Qe2 e5 7. d3 Be7 8. Bg5 h6 9. Bxf6 Bxf6 10. c4 O-O 11. Nc3 Nb6 12. Ne1 Qd7 13. Nc2 Bg5 14. b4 cxb4 15. Nxb4 f5 16. f3 Qc7 17. Nbd5 Qc5+ 18. Kh1 Nxd5 19. Nxd5 Rf7 20. Qf2 Qa3 21. Rfd1 Rc8 22. Rab1 fxe4 23. dxe4 Rxc4 24. Qb2 Qc5 25. Qb5 Qc8 26. Qa5 b6 27. Qa3 Qc6 28. Rb3 Bc1 29. Qa6 Rc2 30. Nb4 Qc4 31. Qxc4 Rxc4 32. Rxd6 Ba3 33. Rd8+ Kh7 34. Nd3 Bc5 35. h3 Bd4 36. Rd5 Re7 37. Kh2 Rc2 38. a3 Rec7 39. Nxe5 Bxe5+ 40. Rxe5 R7c3 41. Reb5 Kg6 42. a4 Rxb3 43. Rxb3 Ra2 44. Rb4 h5 45. h4 Kf6 46. Kh3 g6 47. g4 Ke5 48. Kg3 hxg4 49. Kxg4 Rg2+ 50. Kh3 Rg1 51. Kh2 Ra1 52. Kg3 Rg1+ 53. Kf2 Rh1 54. Rb5+ Kf4 55. Kg2 Rxh4 56. Rd5 Rh5 57. Rd6 Rg5+ 58. Kf2 Rc5 59. Rxg6 Rc2+ 60. Kg1 Kxf3 61. Rg7 Rc1+ 62. Kh2 a5 63. Rg6 Kxe4 64. Rxb6 Rc4 65. Rh6 Kd3 66. Rh5 Rxa4 67. Rh3+ Kc2 68. Rf3 Rd4 69. Ra3 a4 70. Rf3 Rd2+ 71. Kh1 Kb2 72. Rf4 a3 73. Rf8 a2 74. Rb8+ Kc3 75. Rc8+ Kb4 76. Rb8+ Kc5 77. Rc8+ Kb6 78. Rc1 Rb2 0-1

[Event "Ungdoms-DM U12 2024"]
[Site "Odense"]
[Date "2024.10.05"]
[Round "3.5"]
[White "Shajan, Alan Pattayil"]
[Black "Andersen, Frederik"]
[Result "1/2-1/2"]
[WhiteElo "1562"]
[BlackElo "1603"]
[WhiteFideId "33436134"]
[BlackFideId "1481630"]
[EventDate "2024.10.05"]
[EventType "swiss"]
[EventRounds "7"]
[EventCountry "DEN"]
[SourceTitle "Live v. Kasper Jerwiarz"]

1. e4 e5 2. Nf3 Nc6 3. Bb5 Nf6 4. O-O d6 5. Re1 a6 6. Ba4 b5 7. Bb3 Bg4 8. c3 Ne7 9. d3 Ng6 10. Nbd2 Qd7 11. Nf1 Nh4 12. N1d2 g6 13. g3 Nxf3+ 14. Nxf3 a5 15. Qe2 a4 16. Bd1 Bg7 17. Be3 O-O 18. Qc2 h6 19. Nh4 Be6 20. Ng2 Ng4 21. Be2 Nxe3 22. Nxe3 c6 23. Red1 c5 24. Qd2 Rab8 25. Nc2 f5 26. exf5 Bxf5 27. Ne3 Be6 28. Nc2 Bf5 29. Ne3 1/2-1/2

[Event "Ungdoms-DM U12 2024"]
[Site "Odense"]
[Date "2024.10.05"]
[Round "3.6"]
[White "Kodiraliev, Kamron"]
[Black "Vorobets, Artem"]
[Result "0-1"]
[WhiteElo "1491"]
[BlackElo "1839"]
[WhiteFideId "1481860"]
[BlackFideId "1480138"]
[EventDate "2024.10.05"]
[EventType "swiss"]
[EventRounds "7"]
[EventCountry "DEN"]
[SourceTitle "Live v. Kasper Jerwiarz"]

1. e4 c5 2. Nf3 Nc6 3. Bc4 e6 4. O-O d5 5. exd5 exd5 6. Bb5 Bd7 7. Bxc6 bxc6 8. b3 Nf6 9. Bb2 Be7 10. Ne5 O-O 11. Nxd7 Qxd7 12. d4 cxd4 13. Bxd4 Rab8 14. a4 c5 15. Bb2 Ne4 16. c4 d4 17. Nd2 Nxd2 18. Qxd2 Rxb3 19. a5 a6 20. Rfe1 Bd6 21. Qc2 Rbb8 22. Re4 Qf5 23. Qe2 Rxb2 24. Qxb2 Qxe4 25. Qb6 Re8 26. Kf1 Qe2+ 27. Kg1 Qe1+ 28. Rxe1 Rxe1# 0-1

[Event "Ungdoms-DM U12 2024"]
[Site "Odense"]
[Date "2024.10.05"]
[Round "4.1"]
[White "Kamal, Yogasimman"]
[Black "Ravikumar, Hanesh"]
[Result "0-1"]
[WhiteElo "1688"]
[BlackElo "1781"]
[WhiteFideId "1477196"]
[BlackFideId "1481878"]
[EventDate "2024.10.05"]
[EventType "swiss"]
[EventRounds "7"]
[EventCountry "DEN"]
[SourceTitle "Live v. Kasper Jerwiarz"]

1. e4 c5 2. Nf3 d6 3. Bc4 Nc6 4. d3 Nf6 5. c3 Bg4 6. Qb3 e6 7. Qxb7 Qc8 8. Ba6 Ne7 9. Bb5+ Kd8 10. Qxc8+ Rxc8 11. c4 Ng6 12. Ng5 Ne5 13. h3 Bh5 14. g4 Bg6 15. Ke2 d5 16. f4 Nc6 17. Bxc6 Rxc6 18. f5 exf5 19. exf5 h6 20. fxg6 hxg5 21. Bxg5 dxc4 22. dxc4 Kc8 23. Bxf6 Rxf6 24. gxf7 Rxf7 25. Nc3 Re7+ 26. Kd2 g6 27. Rae1 Bh6+ 28. Kc2 Rf7 29. Re6 Rf2+ 30. Kb3 g5 31. Rc6+ Kd7 32. Rxc5 Rb8+ 33. Rb5 Rc8 34. Rb7+ Kc6 35. Rxa7 Rb8+ 36. Nb5 Re8 37. Rd1 Bf8 38. Ka4 Rc8 39. Ra6+ Kb7 40. Rd7+ Kxa6 41. Rh7 Rxc4+ 42. Kb3 Rb4+ 0-1

[Event "Ungdoms-DM U12 2024"]
[Site "Odense"]
[Date "2024.10.05"]
[Round "4.2"]
[White "Bekmukhanov, Sauran"]
[Black "Pirtac, Alexandru"]
[Result "1-0"]
[WhiteElo "1906"]
[BlackElo "1938"]
[WhiteFideId "1472844"]
[BlackFideId "13912143"]
[EventDate "2024.10.05"]
[EventType "swiss"]
[EventRounds "7"]
[EventCountry "DEN"]
[SourceTitle "Live v. Kasper Jerwiarz"]

1. e4 c5 2. Nf3 e6 3. c3 d5 4. exd5 exd5 5. d4 cxd4 6. Nxd4 Nf6 7. Bd3 Be7 8. O-O O-O 9. Bf4 Bg4 10. f3 Bd7 11. Nd2 Nc6 12. N2b3 Nh5 13. Be3 Re8 14. Qc2 h6 15. Rae1 Bd6 16. f4 Rc8 17. Qd2 Nf6 18. Nf5 Bb8 19. Nc5 Rc7 20. Nd6 Ng4 21. Ncxb7 Rxb7 22. Nxb7 Qc7 23. Nc5 Ne7 24. Nxd7 Qxd7 25. Bd4 Bd6 26. h3 Nf6 27. Bxf6 gxf6 28. f5 Kh7 29. Qe2 Rg8 30. Qh5 Rg7 31. Re6 Qc6 32. Re2 Qc7 33. Kh1 Nc6 34. Qf3 d4 35. Rc2 Rg3 36. Qd1 Qb7 37. Be4 d3 38. Rd2 Re3 39. Bxc6 Qxc6 40. Rxd3 Bb8 41. Rxe3 Qc7 42. g3 1-0

[Event "Ungdoms-DM U12 2024"]
[Site "Odense"]
[Date "2024.10.05"]
[Round "4.3"]
[White "Vo, Charlie"]
[Black "Shajan, Alan Pattayil"]
[Result "1/2-1/2"]
[WhiteElo "1668"]
[BlackElo "1562"]
[WhiteFideId "1477706"]
[BlackFideId "33436134"]
[EventDate "2024.10.05"]
[EventType "swiss"]
[EventRounds "7"]
[EventCountry "DEN"]
[SourceTitle "Live v. Kasper Jerwiarz"]

1. e4 c6 2. d4 d5 3. e5 c5 4. c3 Nc6 5. h3 cxd4 6. cxd4 e6 7. Nf3 Nge7 8. Bg5 Qb6 9. Qd2 Nf5 10. Be3 Bd7 11. Nc3 Bb4 12. a3 Be7 13. Be2 O-O 14. O-O Rac8 15. b4 a6 16. Rfc1 Nxe3 17. Qxe3 f6 18. Na4 Qd8 19. Nc5 Bxc5 20. Rxc5 fxe5 21. Nxe5 Nxe5 22. Qxe5 Rxc5 23. bxc5 Qf6 24. Qxf6 gxf6 25. Rb1 Bc6 26. Rb6 Rc8 27. g4 e5 28. Rb4 Kf7 29. Bd3 e4 30. Bc2 Ke6 31. f3 f5 32. Kf2 fxg4 33. hxg4 Rf8 34. Bd1 exf3 35. Bxf3 Kf6 36. Rb1 Re8 37. Re1 Rxe1 38. Kxe1 Kg5 39. Kf2 Kf4 40. Ke2 Bb5+ 41. Kf2 Bc6 1/2-1/2

[Event "Ungdoms-DM U12 2024"]
[Site "Odense"]
[Date "2024.10.05"]
[Round "4.5"]
[White "Vorobets, Artem"]
[Black "Prohnitchi, Adrian"]
[Result "0-1"]
[WhiteElo "1839"]
[BlackElo "1502"]
[WhiteFideId "1480138"]
[BlackFideId "1477692"]
[EventDate "2024.10.05"]
[EventType "swiss"]
[EventRounds "7"]
[EventCountry "DEN"]
[SourceTitle "Live v. Kasper Jerwiarz"]

1. e4 e5 2. Nf3 Nc6 3. Bb5 d6 4. d4 a6 5. Ba4 b5 6. Bb3 Bg4 7. Nbd2 Nxd4 8. h3 Bh5 9. c3 Nxb3 10. Qxb3 Nf6 11. O-O Bxf3 12. gxf3 Be7 13. c4 c6 14. a4 bxc4 15. Qxc4 c5 16. Nb3 O-O 17. f4 exf4 18. Bxf4 Nh5 19. Be3 Bg5 20. Rae1 Bxe3 21. Rxe3 Qg5+ 22. Kh1 Nf4 23. Rg1 Qh4 24. Rgg3 Qf6 25. Ref3 Qe5 26. Qf1 Qxe4 27. Nd2 Qd5 28. Nb1 Nh5 29. Nc3 Nxg3+ 30. fxg3 Qc6 31. Kh2 d5 32. Rf5 d4 33. Nd5 Qb7 34. Qb1 g6 35. Rg5 Kg7 36. Nf4 Rab8 37. Qe1 Qxb2+ 38. Ng2 Kg8 39. Qe5 d3 40. Rh5 Qxe5 41. Rxe5 Rfd8 42. Re1 d2 43. Rd1 c4 44. Ne3 c3 45. Nc2 Rb1 46. Rxb1 0-1

[Event "Ungdoms-DM U12 2024"]
[Site "Odense"]
[Date "2024.10.05"]
[Round "4.6"]
[White "Andersen, Frederik"]
[Black "Sandmann, Mattis Majvang"]
[Result "1/2-1/2"]
[WhiteElo "1603"]
[BlackElo "1480"]
[WhiteFideId "1481630"]
[BlackFideId "1477340"]
[EventDate "2024.10.05"]
[EventType "swiss"]
[EventRounds "7"]
[EventCountry "DEN"]
[SourceTitle "Live v. Kasper Jerwiarz"]

1. e4 c6 2. d4 d5 3. exd5 cxd5 4. Nf3 Nc6 5. h3 Bf5 6. Bb5 a6 7. Bxc6+ bxc6 8. Nc3 e6 9. O-O c5 10. Ne2 Nf6 11. c3 Qb6 12. Qa4+ Qb5 13. Qxb5+ axb5 14. dxc5 Bxc5 15. Ned4 O-O 16. Nxb5 Bd3 17. Nc7 Rac8 18. Nxe6 fxe6 19. Re1 Ne4 20. Be3 Bxe3 21. Rxe3 Ba6 22. Rc1 Rb8 23. Rc2 Rb7 24. Nd4 e5 25. Nf3 Rfb8 26. b3 Re7 27. c4 1/2-1/2